[Event "New Delhi Parsvnath op 15th"]
[Site "New Delhi"]
[Date "2017.01.09"]
[Round "1"]
[White "Vinay, Raj Bhatt"]
[Black "Horvath, Adam"]
[Result "0-1"]
[WhiteElo "2039"]
[BlackElo "2499"]
[PlyCount "106"]
[EventDate "2017.01.09"]
[EventType "swiss"]
[EventRounds "10"]
[EventCountry "IND"]
[SourceTitle "CBM 176 Extra"]
[Source "ChessBase"]
[SourceDate "2017.03.02"]
[SourceVersion "1"]
[SourceVersionDate "2017.03.02"]
[SourceQuality "1"]

1. d4 e6 2. Nf3 Nf6 3. g3 b5 4. Bg2 Bb7 5. 0-0 d5 6. a4 b4 7. a5 Bd6 8. Nbd2 0-0 9. c4 bxc3 10. bxc3 Ba6 11. Re1 Nbd7 12. e4 dxe4 13. Ng5 e3 14. fxe3 Rb8 15. Qc2 c5 16. Bf1 Bxf1 17. Rxf1 Be7 18. Nde4 h6 19. Nxf6+ Nxf6 20. Ne4 Nxe4 21. Qxe4 Rb5 22. c4 Rb4 23. dxc5 Rb3 24. c6 Qd6 25. Ra2 f5 26. c5 fxe4 27. cxd6 Bxd6 28. Rxf8+ Kxf8 29. Bb2 e5 30. a6 Ke7 31. Kf2 Kd8 32. Bc1 Kc7 33. Bd2 Kxc6 34. Ke2 Bc5 35. g4 Kd5 36. h4 g6 37. h5 g5 38. Ra4 Rb1 39. Ra5 Kc4 40. Ra4+ Bb4 41. Bxb4 Rxb4 42. Ra2 Kc3 43. Ra3+ Rb3 44. Ra4 Rb2+ 45. Kf1 Kd3 46. Ra3+ Kd2 47. Kf2 Rc2 48. Ra5 Kd3+ 49. Kg3 Rc6 50. Ra3+ Ke2 51. Kg2 Rf6 52. Ra2+ Kxe3 53. Ra3+ Kf4 0-1